FUNDAMENTAL OF MATHEMATICAL STATISTICS (Record no. 8929)

MARC details
000 -LEADER
fixed length control field 00976nam a22001697a 4500
003 - CONTROL NUMBER IDENTIFIER
control field SGT
020 ## - INTERNATIONAL STANDARD BOOK NUMBER
International Standard Book Number 9788180549694
082 ## - DEWEY DECIMAL CLASSIFICATION NUMBER
Classification number 519.5,GUP
100 ## - MAIN ENTRY--PERSONAL NAME
Personal name GUPTA,S.C
245 ## - TITLE STATEMENT
Title FUNDAMENTAL OF MATHEMATICAL STATISTICS
250 ## - EDITION STATEMENT
Edition statement 11TH
260 ## - PUBLICATION, DISTRIBUTION, ETC. (IMPRINT)
Place of publication, distribution, etc NEW DELHI
Name of publisher, distributor, etc SULTAN CHAND & SONS
Year of Publication 2015
300 ## - PAGE DESCRIPTION
No. of Pages V.P
650 ## - SUBJECT ADDED ENTRY--TOPICAL TERM
Topical term or geographic name as entry element MATHEMATICS
653 ## - KEYWORDS--INDEX TERM
Keyword term INTRODUCTION, DESCRIPTIVE MEASURES, THEORY OF PROBABILITY, RANDOM VARIABLES—DISTRIBUTION FUNCTION, MATHEMATICAL EXPECTATION, GENERATING FUNCTIONS AND LAW OF LARGE NUMBERS, SPECIAL DISCRETE PROBABILITY DISTRIBUTIONS, SPECIAL CONTINUOUS PROBABILITY DISTRIBUTIONS, CORRELATION, REGRESSION, ADDITIONAL TOPICS ON CORRELATION AND REGRESSION, THEORY OF ATTRIBUTES, LARGE SAMPLE THEORY, SAMPLING DISTRIBUTION EXACT (CHISQUARE DISTRIBUTION), EXACT SAMPLING DISTRIBUTIONS (T) F AND Z DISTRIBUTIONS), THEORY OF ESTIMATION, TESTING OF HYPOTHESIS, FINITE DIFFERENCE AND NUMERICAL ANALYSIS, SOME ADDITIONAL TOPICS,
942 ## - ADDED ENTRY ELEMENTS (KOHA)
Source of classification or shelving scheme Dewey Decimal Classification
Koha item type FCM Books
942 ## - ADDED ENTRY ELEMENTS (KOHA)
-- 24
Holdings
Withdrawn status Lost status Source of classification or shelving scheme Damaged status Not for loan Collection code Home library Current library Shelving location Date acquired Vendor Name Cost, normal purchase price SGTU Bill Number Total Checkouts Full call number Accession No. (Barcode) Date last seen Date last borrowed Bill Date Koha item type Total Renewals
    Dewey Decimal Classification     COMMERCE MANAGEMENT SGT Science & Social Sciences Library SGT Science & Social Sciences Library On Display 03/06/2016 KIRTI PRAKASHAN 590.00 SGTU 2911 1 519.5,GUP CM884 07/12/2023 09/11/2023 15/09/2015 FCM Books  
    Dewey Decimal Classification     COMMERCE MANAGEMENT SGT Science & Social Sciences Library SGT Science & Social Sciences Library On Display 03/06/2016 KIRTI PRAKASHAN 590.00 SGTU 2911 36 519.5,GUP CM885 28/08/2025 30/01/2025 15/09/2015 FCM Books 1